UBT Library

Beginning essentials in early childhood education / (Record no. 42046)

000 -LEADER
fixed length control field 00826cam a22002654a 4500
001 - CONTROL NUMBER
control field 14225073
005 - DATE AND TIME OF LATEST TRANSACTION
control field 20180208031045.0
008 - FIXED-LENGTH DATA ELEMENTS--GENERAL INFORMATION
fixed length control field 060111s2007 nyua b 001 0 eng
010 ## - LIBRARY OF CONGRESS CONTROL NUMBER
LC control number 2005035606
020 ## - INTERNATIONAL STANDARD BOOK NUMBER
International Standard Book Number 1418011339
020 ## - INTERNATIONAL STANDARD BOOK NUMBER
International Standard Book Number 9781418011338
035 ## - SYSTEM CONTROL NUMBER
System control number (OCoLC)ocm62888143
040 ## - CATALOGING SOURCE
Original cataloging agency DLC
Transcribing agency DLC
Modifying agency BAKER
-- C#P
-- DLC
041 ## - LANGUAGE CODE
Language code of text/sound track or separate title eng
042 ## - AUTHENTICATION CODE
Authentication code pcc
080 ## - UNIVERSAL DECIMAL CLASSIFICATION NUMBER
Universal Decimal Classification number 372.21 MIL
082 00 - DEWEY DECIMAL CLASSIFICATION NUMBER
Classification number 372.21 MIL
Edition number 22
100 1# - Rafti
Rafti 48
101 ## - Shkurtesa
Shkurtesa EDU
245 10 - TITLE STATEMENT
Title Beginning essentials in early childhood education /
Statement of responsibility, etc Ann Miles Gordon, Kathryn Williams Browne.
504 ## - BIBLIOGRAPHY, ETC. NOTE
Bibliography, etc Includes bibliographical references and index.
906 ## - LOCAL DATA ELEMENT F, LDF (RLIN)
a 7
b cbc
c orignew
d 1
e ecip
f 20
g y-gencatlg
942 ## - ADDED ENTRY ELEMENTS (KOHA)
Source of classification or shelving scheme
Item type Books
Holdings
Withdrawn status Lost status Source of classification or shelving scheme Damaged status Not for loan Collection code Permanent location Current location Shelving location Date acquired Total Checkouts Full call number Barcode Date last seen Price effective from Koha item type
          Koleksioni i përgjithshem UBT - Lipjan UBT - Lipjan Koleksioni i përgjithshem 02/08/2018   372.21 MIL 002-2999197 02/08/2018 02/08/2018 Books
          Koleksioni i përgjithshem UBT - Lipjan UBT - Lipjan Koleksioni i përgjithshem 02/08/2018   372.21 MIL 002-2999202 02/08/2018 02/08/2018 Books
UBT Library © 2015-2024. All rights reserved University Education for Business and Technology